00190nam a2200073Ia 4500008004100000082002200041245002900063300002400092230907s9999||||xx |||||||||||||| ||und|| a324.94170824bHOW 0aHow Ireland voted 2007 : axlviii, 259 pages :